| 000 | 00870cam a2200289Ia 4500 | ||
|---|---|---|---|
| 001 | 48511 | ||
| 005 | 20230410123704.0 | ||
| 008 | 960409s1995 sp d 000 0 spa d | ||
| 035 | _a(OCoLC)ocm34534954 | ||
| 040 |
_aPSA _cPSA _dPL# _dOCLCQ _dUBA |
||
| 020 | _a8429012397 | ||
| 020 | _a9788429012392 | ||
| 035 | _a(OCoLC)34534954 | ||
| 050 | 1 | 4 |
_aR KJA 56 _bG984d 1982 |
| 100 | 1 | _aGutiƩrrez-Alviz y Armario, Faustino. | |
| 245 | 1 | 0 |
_aDiccionario de derecho romano / _cFaustino GutiƩrrez-Alviz y Armario. |
| 250 | _a3a ed. | ||
| 260 |
_aMadrid : _bReus, _c1982. |
||
| 300 |
_axii, 719 p. ; _c22 cm. |
||
| 650 | 0 |
_aRoman law _vDictionaries. |
|
| 653 |
_aDerecho romano _aDiccionarios. |
||
| 650 | 7 |
_aDIREITO ROMANO (DICIONARIOS) _2larpcal |
|
| 938 |
_aPuvill Libros _bPUVL _n8429012397 _c$30.27 |
||
| 942 |
_2lcc _cbk |
||
| 946 | _ajoacosta | ||
| 994 |
_aC0 _bDRFGD |
||
| 999 |
_c66304 _d66304 |
||